Top 10 Tennis Players Who've Earned the Most Prize Money - Statistics

General Stats
  • This quiz has been taken 46 times
  • The average score is 12 of 20
Answer Stats
M or F # Player Earnings % Correct
Male 2 Rafael Nadal $134,946,100
100%
Male 3 Roger Federer $130,594,339
100%
Male 1 Novak Djokovic $182,494,969
94%
Female 1 Serena Williams $94,816,730
94%
Female 2 Venus Williams $42,648,697
94%
Male 4 Andy Murray $64,677,584
83%
Male 6 Pete Sampras $43,280,489
77%
Male 9 Carlos Alcaraz $31,578,625
69%
Male 7 Daniil Medvedev $41,047,137
63%
Female 4 Maria Sharapova $38,777,962
63%
Male 5 Alexander Zverev $43,522,207
54%
Male 8 Stan Wawrinka $36,872,381
54%
Female 9 Iga Świątek $31,419,512
49%
Female 7 Caroline Wozniacki $36,095,873
43%
Female 3 Simona Halep $40,227,773
34%
Male 10 David Ferrer $31,483,911
31%
Female 5 Victoria Azarenka $37,769,550
31%
Female 8 Angelique Kerber $32,519,180
29%
Female 6 Petra Kvitová $37,252,032
20%
Female 10 Agnieszka Radwańska $27,683,807
9%
No matching quizzes found
Score Distribution
Percent of People with Each Score
Percentile by Number Answered
Your Score History
You have not taken this quiz